[Event "Moscow Aeroflot op"]
[Site "Moscow"]
[Date "2002.02.07"]
[Round "4"]
[White "Sargissian, Gabriel"]
[Black "Najer, Evgeniy"]
[Result "1-0"]
[WhiteElo "2515"]
[BlackElo "2599"]
[Annotator "Tsesarsky,I"]
[PlyCount "83"]
[EventDate "2002.02.04"]
[EventType "swiss"]
[EventRounds "9"]
[EventCountry "RUS"]
[SourceTitle "CBM 088"]
[Source "ChessBase"]
[SourceDate "2002.03.21"]
[SourceVersion "1"]
[SourceVersionDate "2002.03.21"]
[SourceQuality "1"]

1. d4 Nf6 2. Bg5 Ne4 3. Bf4 d5 4. e3 c5 5. Bd3 Nf6 ({Another mainline is} 5...
cxd4 6. Bxe4 dxe4 7. exd4 (7. Qxd4 Qxd4 8. exd4 Nc6 {-see detailed commented
game 1-0 Lputian,S-Rytshagov,M/Istanbul 2000/EXT 2001[Tsesarsky,I] (55)}) 7...
Nc6 {-see commented game 1-0 Hodgson,J-Wells,P/Oxford 1998/CBM 69 [Wells,p](30)
}) (5... Qb6 {-see commented game 0-1 Laurie,D-Tsesarsky,I/Tel Aviv 1997/CBM
58 [Tsesarsky,I](71)}) 6. Nc3 {This move transforms the game into Veresov
opening with tempo over for White: Bc1-g5-f4 takes 2 tempi, in the other hand,
Ng8-f6-e4-f6 takes 3.However,Bf1-d3 is not so important here and Pc2 is
obscured, so Black has good counterplay.} (6. Nf3 Nc6 {-see commented game 0-1
Wells,P-Sutovsky,E/Oxford 1998/CBM 69 [Wells,P](39)}) (6. c3 Nc6 7. Nd2 (7. h3
Qb6 8. Qc1 g6 9. Nd2 Bg7 10. Ngf3 O-O 11. O-O Nd7 12. Be2 e5 $11 {1/2-1/2
Schmidt,B-Gustafsson,J/Germany 1999/EXT 2000 (19)}) 7... Qb6 (7... Bg4 8. Ngf3
e6 (8... a6 9. h3 Bxf3 10. Nxf3 e6 11. a3 Bd6 $11 {1/2-1/2 Mensch,E-Petran,P/
Budapest HUN 2001/The Week in Chess 370 (13)}) 9. O-O (9. Qb3 Qc8 10. dxc5 Nd7
11. Bd6 Nxc5 12. Bxc5 Bxc5 $15 {0-1 Juric,G-Ljubicic,F/Pula 2000/EXT 2001 (41)}
) 9... Bd6 10. dxc5 Bxc5 11. Qa4 O-O $11 {0-1 Eliet,N-Degraeve,J/Gonfreville
1999/EXT 2000 (29)}) (7... e6 8. Bg3 Bd6 9. f4 Ne7 10. Qf3 Qb6 11. Rb1 Bd7 $132
{1-0 Stefanova,A-Marcet Bisbale,A/Sitges 1999/EXT 2000 (44)}) 8. Rb1 Bg4 9.
Ngf3 e6 10. O-O Be7 11. Qa4 cxd4 12. exd4 Bh5 13. Ne5 Bg6 14. Nxg6 hxg6 15. Nf3
Rc8 16. a3 O-O $11 {1/2-1/2 Popov,V-Tseitlin,M/Belgrade 1999/CBM 69 (49)}) 6...
e6 7. Nf3 ({Equal position also after} 7. dxc5 Bxc5 8. Nb5 Na6 9. Nf3 O-O 10.
O-O Bd7 $11) 7... c4 $5 {Interesting decision. Black prefers to close the
center.} ({Possible also} 7... Bd6 8. Bb5+ Nc6 9. dxc5 Bxc5 10. Ne5 Bd7 $11) ({
or} 7... cxd4 8. exd4 Bd6 9. Ne5 O-O 10. Nb5 Be7 $11) 8. Be2 Bb4 $5 {[%csl Rc3]
[%cal Gb4c3] in order to demage white PP chain.} 9. O-O Bxc3 10. bxc3 {[%csl
Rc2,Rc3]} Ne4 {[%csl Rc3][%cal Ge4c3]} 11. Qe1 Nc6 $1 ({On} 11... Qa5 $6 {
[%csl Rc3][%cal Ga5c3,Ge4c3]} {goes} 12. Nd2 ({not} 12. Ng5 $2 Nxc3 13. Bh5 g6
14. Bf3 h6 15. Nh3 Nc6 $15 {[%cal Gc6a5,Gc3b5]}) 12... Nxd2 ({Badly is} 12...
Nxc3 $2 {in view of} 13. Bxc4 $1 dxc4 14. Nxc4 Qb4 15. Nd6+ Kd7 (15... Ke7 16.
Rb1 $1 $18) 16. Nxf7 $16 {[%csl Rd7][%cal Ge1b4]}) (12... Nf6 13. e4 $36) 13.
Qxd2 $14 {[%cal Gf2f3,Ge3e4]}) 12. Ne5 Nxe5 13. Bxe5 f6 14. f3 $5 Nd6 ({or} 
14... Nxc3 15. Qxc3 fxe5 16. dxe5 O-O 17. e4 b5 $132) 15. Bf4 O-O 16. Qb1 {
[%cal Gb1b4]} ({Can be recommended} 16. e4 Nf7 $11 {[%cal Gc8d7]}) 16... a5 (
16... Re8 $132 {[%cal Ge6e5]}) 17. a4 Ra6 18. Qb2 $6 ({It was necessary to play
} 18. e4 $132 {before Black will play e6-e5.}) 18... Rc6 19. Rfe1 Re8 {[%cal
Ge6e5]} 20. Bf1 $2 $15 {White doesn't use the last possibility to play} (20.
Bxd6 Qxd6 21. e4 $5 $132) 20... e5 $1 21. dxe5 $2 $17 {Positional mistake.
Central Pd4 costs much more than Pf6...} ({Much better was} 21. Bg3 Nf5 22. Bf2
Rb6 23. Qa3 e4 $15) 21... fxe5 22. Bg3 Nf5 23. Bf2 e4 $5 (23... Rb6 $1 24. Qa3
e4 25. Rad1 Rd6 26. g4 {[%csl Rc4,Rd6][%cal Ga3d6,Gd1d6,Gf1c4]} Rg6 27. Bxc4
Be6 28. Qb3 (28. Bb5 Rf8 29. c4 Nh4 $19 {[%csl Rf3]}) 28... Nh4 29. Bxd5 Nxf3+
30. Kh1 Qc8 31. Bxe6+ Rgxe6 32. Rf1 Kh8 $17 {[%csl Gf3]}) 24. f4 b6 {[%csl Rf1,
Rf2] Black won strategic battle. White BB haven't space...} 25. Red1 Be6 26.
Be2 Bf7 {[%cal Gh7h5] Next manoeuvres are useless. The game is maintained
surround g2-g4 promotion!} (26... Qf6 27. g4 $1 $132) 27. Qc1 (27. g4 Nh4 $17)
27... Qf6 $2 $132 (27... h5 $1 $17) 28. Qd2 $2 $17 (28. g4 Qg6 29. Kh1 Nd6 30.
Bg3 $132) 28... Nd6 $2 $132 {Unnecessary yield.} (28... h5 $1 $17) 29. Rdb1 (
29. g4 $1) 29... Nb7 ({Now impossible} 29... h5 $2 {because of} 30. Bxh5 $1)
30. g4 $1 {In order to organize counterplay on the kingside and to get some
space for pair of BB. Only now White understood, what to do...} Nc5 31. Bg3 Rd8
32. f5 Be8 (32... Qe7 33. Qd4 $11) 33. Qd4 Qe7 34. Be5 Rh6 (34... Rd7 35. Rf1
Qh4 36. f6 Ne6 37. Qd2 g6 $132) 35. Bf4 g5 (35... Rc6 36. Be5 $11) 36. Bg3 Nxa4
37. h4 Rxh4 $2 $16 {Needless exchange sacrifice.} (37... gxh4 $142 38. Bf4 Rhd6
39. g5 b5 40. Bxd6 Qxd6 41. Rf1 Qg3+ 42. Kh1 Qh3+ 43. Kg1 $11) 38. Bxh4 gxh4
39. Kf2 {[%cal Ga1h1] Preparing RRa1,b1 introduction into king Attack.} h6 (
39... Rd6 {[%cal Ge7f6]} 40. g5 $1 (40. Rh1 Qf6 $44) 40... h6 41. Rg1 $16 {
-like in this game - see below.}) 40. g5 hxg5 41. Rg1 Kf8 $4 ({More stubborn
was} 41... Rd6 42. Rxg5+ $1 Qxg5 43. Rg1 Qxg1+ 44. Kxg1 Bf7 45. Qe5 (45. f6 $16
) 45... Rh6 46. Bg4 Nc5 47. Qe7 $16) 42. Qh8+ 1-0

[Event "Moscow Aeroflot op"]
[Site "Moscow"]
[Date "2002.02.05"]
[Round "2"]
[White "Sargissian, Gabriel"]
[Black "Shipov, Sergei"]
[Result "1-0"]
[WhiteElo "2515"]
[BlackElo "2630"]
[Annotator "Finkel,A"]
[PlyCount "60"]
[EventDate "2002.02.04"]
[EventType "swiss"]
[EventRounds "9"]
[EventCountry "RUS"]
[SourceTitle "CBM 088"]
[Source "ChessBase"]
[SourceDate "2002.03.21"]
[SourceVersion "1"]
[SourceVersionDate "2002.03.21"]
[SourceQuality "1"]

1. d4 Nf6 2. Bg5 d5 3. e3 c6 4. Nd2 Nbd7 5. Ngf3 g6 6. Bd3 Bg7 7. O-O O-O 8. c4
c5 $5 {Black wastes a tempo in the opening just to open a center, however may
be it's not so bad after all!} (8... Re8 9. cxd5 Nxd5 (9... cxd5 10. Qb3 Nb6
11. a4 a5 12. Rfc1 Bd7 13. Bf4 Rc8 14. Rxc8 Bxc8 15. Rc1 $14 {Stefanova,
A-Lazaro Porta,A/Andorra 2000/CBM 76 ext}) 10. e4 Nc7 11. Qb3 (11. Qc2 Ne6 12.
Be3 Nef8 13. Nc4 Nb6 14. Rfd1 $14 {Koenig,D-Schumi,M/Austria 1995/CBM 45})
11... c5 12. Bc4 Rf8 13. d5 $16 {Kmoch,H-Znosko Borovsky,E/Budapest 1926/EXT 99
}) (8... b6 9. Qe2 Bb7 10. Rfd1 h6 11. Bh4 c5 12. Rac1 cxd4 13. Nxd4 Ne5 $11 {
Vokac,M-Hausner,I/Frenstat 1982/MCD}) (8... dxc4 9. Bxc4 Nb6 10. Bb3 Bf5 11.
Bc2 Qd5 12. Re1 Bg4 13. Bh4 Qh5 14. Bg3 $14 {Galyas,M-Lorscheid,G/Budapest
2000/CBM 76 ext}) 9. Rc1 $5 (9. cxd5 Nxd5 (9... cxd4 10. e4 Nc5 11. Qc2 Nfd7
12. Nb3 $14) 10. Qb3 Nb4 11. Be4 Nc6 12. d5 Nce5 13. Rac1 $14) 9... cxd4 10.
exd4 dxc4 11. Nxc4 Nb6 12. Re1 Be6 $6 {I'm not sure white is better after the
sacrifice on e6, but one thing is for sure- it's very difficult for black to
play after it.} (12... Nxc4 13. Bxc4 Bg4 14. h3 Bxf3 15. Qxf3 Qd7 $13) 13. Rxe6
$5 fxe6 14. Qe2 Qd7 15. Nce5 Qd6 16. h4 $5 Rad8 (16... Rac8 17. Re1 Nfd5 18. g3
$36 {[%csl Gf4][%cal Gg1g2,Ge1h1,Gh4h5]}) 17. Re1 Nh5 $6 18. Bc2 Bf6 {With
weird idea to put the knight on g7!} (18... Nf6 $5) 19. g4 Ng7 20. h5 $1 {
[%cal Gc2h7] White's pressure has become quite significient and it's not easy
for black to defend.} Nd5 $6 (20... Bxg5 $5 21. Nxg5 h6 22. Ngf3 Nd5 23. Bxg6
Nf4 24. Qe4 $14 {[%csl Rg7]}) 21. hxg6 h6 22. Nf7 $1 hxg5 $5 (22... Rxf7 23.
gxf7+ Kxf7 24. Bxh6 $16) 23. Nxd6 exd6 24. Qb5 $18 b6 25. Kg2 Be7 26. Kg3 Rf4
27. Bb3 Nc7 28. Qc6 Rdf8 29. Nd2 d5 30. Qxc7 Rxf2 1-0

[Event "MNT-chT"]
[Site "Cetinje"]
[Date "2009.08.22"]
[Round "2.3"]
[White "Sedlak, Nikola"]
[Black "Vajda, Levente"]
[Result "1-0"]
[WhiteElo "2571"]
[BlackElo "2564"]
[PlyCount "79"]
[EventDate "2009.08.21"]
[EventType "team-tourn"]
[EventRounds "7"]
[EventCountry "MNE"]
[SourceTitle "CBM 131 Extra"]
[Source "ChessBase"]
[SourceDate "2009.09.03"]
[SourceVersion "2"]
[SourceVersionDate "2009.09.16"]
[SourceQuality "1"]

1. d4 Nf6 2. Bg5 d5 3. e3 Nbd7 4. c3 e6 5. Nd2 Be7 6. f4 c5 7. Bd3 Qb6 8. Rb1
Qc7 9. Ngf3 cxd4 10. cxd4 O-O 11. O-O Qd6 12. Ne5 Rd8 13. Rf3 h6 14. Bh4 a5 15.
Rc1 Nb8 16. Rg3 Kf8 17. Bxf6 Bxf6 18. Qh5 Qe7 19. Rf1 Bd7 20. Ndf3 Be8 21. Ng5
Qb4 22. Ngxf7 Nc6 23. Bg6 Bxf7 24. Bxf7 Ke7 25. Be8 Kd6 26. Bxc6 bxc6 27. Rc1
Rac8 28. Nf7+ Ke7 29. Nxd8 Rxd8 30. Qe2 Rb8 31. Rc2 Rb5 32. Rf3 c5 33. a3 Qb3
34. dxc5 Bxb2 35. c6 Kd8 36. c7+ Kc8 37. f5 Bxa3 38. fxe6 Be7 39. Rf1 Rb6 40.
Qf2 1-0

[Event "Asian Continental op 14th"]
[Site "Al Ain"]
[Date "2015.08.07"]
[Round "6"]
[White "Sethuraman, SP."]
[Black "Gao, Rui"]
[Result "1-0"]
[WhiteElo "2635"]
[BlackElo "2528"]
[PlyCount "127"]
[EventDate "2015.08.02"]
[EventType "swiss"]
[EventRounds "9"]
[EventCountry "UAE"]
[SourceTitle "CBM 168"]
[Source "ChessBase"]
[SourceDate "2015.09.14"]
[SourceVersion "1"]
[SourceVersionDate "2015.09.14"]
[SourceQuality "1"]

1. d4 Nf6 2. Bg5 Ne4 3. h4 c5 4. dxc5 Qa5+ 5. Nd2 Nxg5 6. hxg5 Qxc5 7. Ngf3 Nc6
8. c3 g6 9. e3 Bg7 10. Ne4 Qb6 11. Bc4 d6 12. Qb3 Qxb3 13. axb3 Bf5 14. Bd5 a6
15. Rh4 h5 16. gxh6 Rxh6 17. Rxh6 Bxh6 18. Ke2 Bg7 19. Nfd2 Bxe4 20. Nxe4 Nd8
21. b4 Rc8 22. g4 Rc7 23. Bb3 Nc6 24. f4 Rc8 25. Bd5 Nd8 26. Bb3 Kf8 27. Rf1
Ra8 28. Ra1 Rc8 29. Rg1 Nc6 30. Bd5 Nd8 31. f5 Be5 32. fxg6 fxg6 33. Ng5 e6 34.
Rf1+ Ke7 35. Bxb7 Rc4 36. Bf3 d5 37. Kd2 Rc6 38. Be2 Bf6 39. Nf3 e5 40. Ra1 Ne6
41. Rxa6 Rxa6 42. Bxa6 Ng5 43. Ke2 Nxf3 44. Kxf3 e4+ 45. Kf4 Kd6 46. Bb7 Ke6
47. Bc6 g5+ 48. Kg3 Ke5 49. Kf2 Bd8 50. Ke2 Bb6 51. b3 Bd8 52. Kd2 Be7 53. Kc2
Bd6 54. Bb7 Be7 55. Kb2 Bd6 56. Ka3 Bc7 57. c4 d4 58. exd4+ Kxd4 59. c5 e3 60.
Bf3 Bd8 61. Ka4 Kd3 62. b5 Kd2 63. b6 Ke1 64. Bd5 1-0

[Event "PRO League Group Stage"]
[Site "chess.com INT"]
[Date "2020.01.06"]
[Round "1"]
[White "Shimanov, A."]
[Black "Diamant, A."]
[Result "1-0"]
[WhiteElo "2587"]
[BlackElo "2547"]
[PlyCount "121"]
[EventDate "2020.01.06"]
[EventType "team (rapid)"]
[EventRounds "7"]
[EventCountry "USA"]
[SourceTitle "The Week in Chess 1316"]
[Source "Mark Crowther"]
[SourceDate "2020.01.27"]
[SourceVersion "1"]
[SourceVersionDate "2020.01.27"]
[SourceQuality "2"]
[WhiteTeam "Chicago Wind"]
[BlackTeam "Brazil Capybaras"]

1. d4 Nf6 2. Bg5 g6 3. Bxf6 exf6 4. c4 Bg7 5. Nc3 d6 6. e3 f5 7. Nge2 O-O 8. g3
c5 9. dxc5 dxc5 10. Qxd8 Rxd8 11. Rd1 Rxd1+ 12. Kxd1 Nc6 13. Bg2 Ne5 14. b3 Ng4
15. Ke1 Rb8 16. h3 Ne5 17. Kd2 a6 18. a4 Bd7 19. Kc2 Nc6 20. Rd1 Nb4+ 21. Kb1
Be8 22. Nd5 Nxd5 23. Bxd5 Kf8 24. Kc2 Ke7 25. Bf3 Be5 26. h4 b6 27. Bd5 h5 28.
Ng1 Rd8 29. Nf3 Bc7 30. Ne1 b5 31. axb5 axb5 32. Ra1 Be5 33. Ra7+ Rd7 34. Ra8
Rd8 35. Rxd8 Kxd8 36. cxb5 Kc7 37. Nd3 Bd6 38. Nb2 f6 39. Bc4 g5 40. f4 gxh4
41. gxh4 Kb6 42. Na4+ Ka5 43. Nc3 Be7 44. b6 Bc6 45. Bd5 Kxb6 46. Bxc6 Kxc6 47.
Ne2 Kd5 48. Ng3 Bd8 49. Kd3 Ba5 50. Ke2 c4 51. bxc4+ Kxc4 52. Nxf5 Bd8 53. Ng7
Kd5 54. Kf3 Be7 55. Nxh5 f5 56. Ng7 Bxh4 57. Nxf5 Be1 58. e4+ Ke6 59. Nd4+ Kd6
60. Ke3 Bg3 61. Nf5+ 1-0

[Event "PRO League Group Stage"]
[Site "chess.com INT"]
[Date "2020.02.10"]
[Round "6"]
[White "Shimanov, A."]
[Black "Hansen, Eric"]
[Result "1-0"]
[WhiteElo "2587"]
[BlackElo "2606"]
[PlyCount "99"]
[EventDate "2020.01.06"]
[EventType "team (rapid)"]
[EventRounds "7"]
[EventCountry "USA"]
[SourceTitle "The Week in Chess 1319"]
[Source "Mark Crowther"]
[SourceDate "2020.02.17"]
[SourceVersion "1"]
[SourceVersionDate "2020.02.17"]
[SourceQuality "2"]
[WhiteTeam "Chicago Wind"]
[BlackTeam "Canada Chessbrahs"]

1. d4 Nf6 2. Bg5 d5 3. Nd2 c6 4. e3 Bg4 5. f3 Bh5 6. Nh3 Nbd7 7. Nf4 Qb6 8. Nb3
a5 9. a4 Bg6 10. Kf2 Nh5 11. g4 Nxf4 12. exf4 f6 13. Bh4 e5 14. f5 Bf7 15. Kg2
Bd6 16. Bg3 O-O 17. Qd2 Rfe8 18. Bd3 Bb4 19. c3 Bf8 20. Qc2 Rad8 21. Rhe1 exd4
22. Nxd4 Ne5 23. Bf1 Nc4 24. Bxc4 dxc4 25. Ne6 Rd3 26. Bf2 c5 27. Nf4 Rdd8 28.
Re2 Rxe2 29. Qxe2 Qc6 30. Ne6 Rd3 31. Re1 h6 32. h4 b6 33. Nf4 Rd7 34. Qc2 Bd6
35. Ng6 Rd8 36. Re3 Re8 37. Qd1 Rd8 38. h5 Qc8 39. Qxd6 Bxg6 40. Qxb6 Bf7 41.
Re7 Rd2 42. Qa7 Qd8 43. Qxc5 Rxb2 44. Rc7 Rb8 45. Qa7 Ra8 46. Qb7 Bd5 47. Rxg7+
Kf8 48. Bc5+ Ke8 49. Re7+ Kf8 50. Rd7+ 1-0

[Event "World University-ch 13th"]
[Site "Katowice"]
[Date "2014.08.22"]
[Round "7"]
[White "Shimanov, Aleksandr"]
[Black "Krejci, Jan1"]
[Result "1-0"]
[WhiteElo "2625"]
[BlackElo "2531"]
[PlyCount "119"]
[EventDate "2014.08.18"]
[EventType "swiss"]
[EventRounds "9"]
[EventCountry "POL"]
[SourceTitle "CBM 161 Extra"]
[Source "ChessBase"]
[SourceDate "2014.08.29"]
[SourceVersion "1"]
[SourceVersionDate "2014.08.29"]
[SourceQuality "1"]

1. d4 Nf6 2. Bg5 Ne4 3. Bf4 e6 4. e3 d5 5. Bd3 Bd6 6. Ne2 b6 7. c4 Bb7 8. cxd5
exd5 9. Qc2 Nd7 10. Nbc3 Ndf6 11. Bb5+ Kf8 12. Nxe4 dxe4 13. O-O Rc8 14. Rac1
Bxf4 15. Nxf4 Qd6 16. Qa4 a5 17. Bc6 Ba6 18. Bb5 Bb7 19. Bc6 Ba6 20. Rfe1 h5
21. f3 exf3 22. Bxf3 c5 23. dxc5 Rxc5 24. Rcd1 Qe7 25. Qd4 Kg8 26. Qd6 Qxd6 27.
Rxd6 Bc8 28. Rxb6 Bg4 29. Nd3 Rc2 30. Rc1 Rxc1+ 31. Nxc1 Kh7 32. Nb3 Bxf3 33.
gxf3 a4 34. Nd4 Rc8 35. Rb5 Rc1+ 36. Kf2 Rh1 37. Kg2 Rd1 38. a3 g6 39. Kg3 Kg7
40. Ne2 Nd5 41. e4 Nc7 42. Rb4 Ne6 43. h4 Rd2 44. Nc3 f5 45. Nd5 Nc5 46. Rc4
Ne6 47. Rb4 Nc5 48. Rc4 Ne6 49. Rxa4 Rxb2 50. Ra7+ Kf8 51. Ra8+ Kf7 52. Ra7+
Kf8 53. e5 Nd4 54. Nf4 Ke8 55. Ra4 Rd2 56. Nxg6 Rd3 57. Kf4 Kf7 58. Kg5 Nxf3+
59. Kxf5 Rd8 60. Ra7+ 1-0

[Event "Nakhchivan op"]
[Site "Nakhchivan"]
[Date "2014.05.06"]
[Round "3"]
[White "Shimanov, Aleksandr"]
[Black "Pantsulaia, Levan"]
[Result "1-0"]
[WhiteElo "2636"]
[BlackElo "2573"]
[PlyCount "65"]
[EventDate "2014.05.04"]
[EventType "swiss"]
[EventRounds "9"]
[EventCountry "AZE"]
[SourceTitle "CBM 160 Extra"]
[Source "ChessBase"]
[SourceDate "2014.07.01"]
[SourceVersion "1"]
[SourceVersionDate "2014.07.01"]
[SourceQuality "1"]

1. d4 Nf6 2. Bg5 e6 3. Nd2 h6 4. Bh4 c5 5. e4 d5 6. e5 g5 7. Bg3 Nfd7 8. h4
gxh4 9. Bxh4 Be7 10. Bxe7 Qxe7 11. c3 Nc6 12. Nb3 c4 13. Nd2 b5 14. f4 Nb6 15.
g3 Bd7 16. Bh3 O-O-O 17. Ne2 f6 18. Nf3 Be8 19. exf6 Qxf6 20. Ne5 Kb7 21. Qc2
Rg8 22. b3 Bg6 23. Qb2 Bd3 24. Rg1 Nxe5 25. dxe5 Qg6 26. Nd4 Qe4+ 27. Kf2 Rxg3
28. Rxg3 Qxf4+ 29. Kg2 Be4+ 30. Kh2 Rg8 31. Rag1 h5 32. Nxe6 Qxe5 33. Qf2 1-0

[Event "Minsk Bronstein Memorial op-A"]
[Site "Minsk"]
[Date "2014.02.17"]
[Round "7"]
[White "Shimanov, Aleksandr"]
[Black "Rasulov, Vugar Ural Oglu"]
[Result "1-0"]
[WhiteElo "2658"]
[BlackElo "2534"]
[PlyCount "79"]
[EventDate "2014.02.11"]
[EventType "swiss (rapid)"]
[EventRounds "9"]
[EventCountry "BLR"]
[SourceTitle "CBM 158 Extra"]
[Source "ChessBase"]
[SourceDate "2014.02.28"]
[SourceVersion "1"]
[SourceVersionDate "2014.02.28"]
[SourceQuality "1"]

1. d4 Nf6 2. Bg5 Ne4 3. Bf4 c5 4. f3 Qa5+ 5. c3 Nf6 6. Nd2 cxd4 7. Nb3 Qf5 8.
Bxb8 Rxb8 9. Qxd4 b6 10. e4 Qf4 11. Nh3 Qc7 12. e5 Ng8 13. Nf2 Nh6 14. g4 Bb7
15. Ne4 f5 16. exf6 gxf6 17. O-O-O Qf4+ 18. Kb1 d5 19. g5 dxe4 20. Qd7+ Kf7 21.
Bc4+ Kg6 22. gxf6 Bc8 23. Rhg1+ Kh5 24. Qe8+ Kh4 25. fxe7 Bf5 26. exf8=Q exf3+
27. Ka1 Rxf8 28. Qe7+ Kh5 29. Rd4 f2 30. Be2+ Bg4 31. Rf1 Qg5 32. Rxg4 Nxg4 33.
Qxh7+ Qh6 34. Bxg4+ Kg5 35. h4+ Qxh4 36. Qg7+ Kf4 37. Nd4 Qh8 38. Ne2+ Ke4 39.
Qg6+ Kd5 40. Qe6+ 1-0

[Event "Pardubice op rap 24th"]
[Site "Pardubice"]
[Date "2013.07.18"]
[Round "9"]
[White "Shimanov, Aleksandr"]
[Black "Kononenko, Dmitry"]
[Result "1-0"]
[WhiteElo "2664"]
[BlackElo "2608"]
[PlyCount "123"]
[EventDate "2013.07.17"]
[EventType "swiss (rapid)"]
[EventRounds "9"]
[EventCountry "CZE"]
[SourceTitle "CBM 155 Extra"]
[Source "ChessBase"]
[SourceDate "2013.08.26"]
[SourceVersion "1"]
[SourceVersionDate "2013.08.26"]
[SourceQuality "1"]

1. d4 Nf6 2. Bg5 e6 3. Nd2 c5 4. e3 b6 5. Bd3 Bb7 6. Ngf3 Be7 7. O-O O-O 8. c3
Nc6 9. a4 cxd4 10. exd4 Nd5 11. Bxe7 Ncxe7 12. Re1 Qc7 13. Bf1 a6 14. Qb3 Rab8
15. Rac1 Nf6 16. Qa3 Ng6 17. g3 d6 18. c4 Rfc8 19. b4 e5 20. d5 a5 21. bxa5
bxa5 22. Nb3 Rd8 23. Nfd2 Nf8 24. Bh3 Bc8 25. Bg2 N8d7 26. c5 Nxc5 27. Nxc5
dxc5 28. Rxc5 Qe7 29. Nc4 e4 30. d6 Qe6 31. Rc7 Ba6 32. Bf1 Bxc4 33. Bxc4 Qxd6
34. Qxd6 Rxd6 35. Rxf7 Kh8 36. Ra7 Rd4 37. Bb5 h6 38. Rxa5 Nd5 39. Rc1 Rd2 40.
Bc6 Nf6 41. Ra8 Rxa8 42. Bxa8 Ra2 43. Rc4 e3 44. fxe3 Kg8 45. Bf3 Kf8 46. Rc8+
Ke7 47. Rc7+ Ke6 48. Rxg7 Rxa4 49. Rg6 Kf7 50. Rxh6 Kg7 51. Rh3 Ra1+ 52. Kg2
Ra2+ 53. Kf1 Ra1+ 54. Ke2 Ra2+ 55. Kd3 Ra3+ 56. Kd4 Ra4+ 57. Ke5 Nd7+ 58. Ke6
Nc5+ 59. Kd6 Ra5 60. Rh4 Nd3 61. Rd4 Ne5 62. Bd5 1-0

[Event "Yangon Zaw Win Lay Memorial"]
[Site "Yangon"]
[Date "2014.11.29"]
[Round "9"]
[White "Short, Nigel D"]
[Black "Vakhidov, Jahongir"]
[Result "1-0"]
[WhiteElo "2661"]
[BlackElo "2502"]
[PlyCount "73"]
[EventDate "2014.11.24"]
[EventType "swiss"]
[EventRounds "9"]
[EventCountry "MYA"]
[SourceTitle "EXT 2016"]
[Source "ChessBase"]
[SourceDate "2015.10.08"]
[SourceVersion "1"]
[SourceVersionDate "2015.10.08"]
[SourceQuality "1"]

1. d4 Nf6 2. Bg5 Ne4 3. Bf4 c5 4. f3 Qa5+ 5. c3 Nf6 6. d5 Qb6 7. b3 e6 8. e4
exd5 9. exd5 Bd6 10. Bg5 Be7 11. Qd2 O-O 12. Na3 d6 13. O-O-O Qd8 14. h4 a6 15.
Ne2 b5 16. Ng3 Re8 17. Nc2 Nbd7 18. Nf5 Bf8 19. h5 h6 20. Bh4 Qa5 21. Kb2 Bb7
22. Nce3 c4 23. g4 Nh7 24. f4 cxb3 25. axb3 Nc5 26. Bd3 b4 27. cxb4 Nxd3+ 28.
Qxd3 Qxb4 29. g5 hxg5 30. fxg5 g6 31. Nh6+ Bxh6 32. gxh6 g5 33. Nc4 gxh4 34.
Rxh4 Nf6 35. Rd2 Kf8 36. h7 Ke7 37. Re2+ 1-0

[Event "Chess.com Bullet Open 1"]
[Site "chess.com INT"]
[Date "2020.12.19"]
[Round "6"]
[White "Sjugirov, S."]
[Black "Martinez Alcantara, Jose Eduardo"]
[Result "1-0"]
[WhiteElo "2663"]
[BlackElo "2620"]
[PlyCount "133"]
[EventDate "2020.12.19"]
[EventType "swiss (blitz)"]
[EventRounds "21"]
[SourceTitle "The Week in Chess 1363"]
[Source "Mark Crowther"]
[SourceDate "2020.12.21"]
[SourceVersion "1"]
[SourceVersionDate "2020.12.21"]
[SourceQuality "2"]

1. d4 Nf6 2. Bg5 e6 3. e3 h6 4. Bh4 d6 5. Nf3 Nbd7 6. Nbd2 b6 7. c3 Bb7 8. Bd3
Be7 9. O-O c5 10. a4 O-O 11. Re1 a6 12. e4 cxd4 13. cxd4 Re8 14. Qe2 Qb8 15. h3
Bf8 16. Bg3 Qa7 17. Rac1 Rac8 18. Rcd1 Qa8 19. Bb1 Red8 20. Qd3 g6 21. Qe2 b5
22. axb5 axb5 23. Qxb5 Bc6 24. Qe2 Qb7 25. Nc4 Bb5 26. Bd3 Nxe4 27. Bxe4 d5 28.
Na5 Qa6 29. Bd3 Bxd3 30. Rxd3 Qxa5 31. Ne5 Bg7 32. Nxd7 Rxd7 33. Be5 Bf8 34.
Rf3 Rc2 35. Qxc2 Qxe1+ 36. Kh2 Qa5 37. Qc8 Qd8 38. Qc1 h5 39. Qf4 Bd6 40. Bxd6
Rxd6 41. Qxf7+ Kh8 42. Qxg6 Rd7 43. Qxe6 Qc7+ 44. g3 Kh7 45. Qf5+ Kg8 46. Qe6+
Kh7 47. Rf5 Rd6 48. Rxh5+ Kg7 49. Rg5+ Kh7 50. Qf5+ Kh8 51. Qf8+ Kh7 52. Qg8+
Kh6 53. Rg4 Qe7 54. Qh8+ Qh7 55. Qf8+ Kh5 56. Rh4+ Kg6 57. Qf4 Rf6 58. Rg4+ Kf7
59. Qc7+ Ke6 60. Qxh7 Rxf2+ 61. Kg1 Rf7 62. Qg8 Kd7 63. Qxf7+ Kc6 64. Rg5 Kb5
65. Qxd5+ Kb4 66. Qc5+ Kb3 67. Qc3+ 1-0

[Event "Chess.com Bullet Open 1"]
[Site "chess.com INT"]
[Date "2020.12.19"]
[Round "17"]
[White "Sjugirov, S."]
[Black "Van Foreest, Jorden"]
[Result "1-0"]
[WhiteElo "2663"]
[BlackElo "2671"]
[PlyCount "137"]
[EventDate "2020.12.19"]
[EventType "swiss (blitz)"]
[EventRounds "21"]
[SourceTitle "The Week in Chess 1363"]
[Source "Mark Crowther"]
[SourceDate "2020.12.21"]
[SourceVersion "1"]
[SourceVersionDate "2020.12.21"]
[SourceQuality "2"]

1. d4 Nf6 2. Bg5 d5 3. e3 Ne4 4. Bf4 Bf5 5. Nd2 e6 6. Ngf3 Nd7 7. Bd3 c6 8. O-O
Be7 9. Ne5 O-O 10. Nxd7 Qxd7 11. Nxe4 dxe4 12. Be2 h6 13. c3 Bd6 14. Bg3 Bxg3
15. hxg3 Rfd8 16. a4 a5 17. Qb3 Bg6 18. Rfd1 Rab8 19. Qa3 Qc7 20. b4 axb4 21.
cxb4 Bf5 22. Qc3 Qe7 23. a5 Qg5 24. Qc5 h5 25. b5 cxb5 26. Qxb5 h4 27. Qe5 hxg3
28. Qxg3 Qxg3 29. fxg3 Ra8 30. Rdb1 Ra7 31. Rb5 Rda8 32. Kf2 g5 33. Rc5 Kg7 34.
Rb5 Kf6 35. g4 Bg6 36. Kg3 b6 37. Rf1+ Kg7 38. axb6 Ra2 39. Bc4 R2a3 40. Re1
Rc3 41. Bf1 f5 42. gxf5 exf5 43. Kf2 f4 44. g3 fxe3+ 45. Rxe3 Rf8+ 46. Ke2 Rc2+
47. Kd1 Ra2 48. Be2 Rh8 49. Kc1 Rh1+ 50. Bd1 Bh5 51. g4 Bxg4 52. Rxg5+ Kf6 53.
Rxg4 Ra1+ 54. Kb2 Rhxd1 55. Rexe4 Rdb1+ 56. Kc3 Rc1+ 57. Kd3 Rcb1 58. Ke3 Re1+
59. Kf3 Rf1+ 60. Kg3 Rg1+ 61. Kh4 Rh1+ 62. Kg3 Rhg1+ 63. Kf2 Rh1 64. Ke3 Kf5
65. Ref4+ Ke6 66. Re4+ Kd5 67. Kd3 Ra3+ 68. Kc2 Rh2+ 69. Kc1 1-0